000 00575nam a22001817a 4500
008 131129b xxu||||| |||| 00| 0 eng d
020 _a9783708305417
041 0 _ager
_aeng
080 _a347.736
245 0 0 _aÖsterreichische konkursordnung Austrian bankruptcy act = Austrian bankruptcy act /
_cKonecny, Andreas
260 _aWien :
_bNWV Verlag ;
_c2008.
300 _a277 f. :
_c22 cm.
500 _aVorwort - Preface : f. 4-5
500 _aTeksti është në gjuhën angleze dhe gjermane
650 0 _aFalimentimi
_zAustria
700 1 _aReisch, Ulla
942 _2udc
_cBK
999 _c377
_d377